Âm nhạc hát văn

সংরক্ষণ করুন:
গ্রন্থ-পঞ্জীর বিবরন
প্রধান লেখক: Thanh Hà
বিন্যাস: গ্রন্থ
ভাষা:Vietnamese
প্রকাশিত: Hà Nội Âm nhạc 1995
বিষয়গুলি:
ট্যাগগুলো: ট্যাগ যুক্ত করুন
কোনো ট্যাগ নেই, প্রথমজন হিসাবে ট্যাগ করুন!
Thư viện lưu trữ: Trung tâm Học liệu Lê Vũ Hùng, Trường Đại học Đồng Tháp
LEADER 00765pam a22002658a 4500
001 00036969
005 20171026081023.0
008 170412s1995 ||||||viesd
041 0 # |a vie 
082 1 4 |b Â120NH  |a 781.62 
100 1 # |a Thanh Hà 
245 0 0 |a Âm nhạc hát văn  |c Thanh Hà 
260 # # |a Hà Nội  |b Âm nhạc  |c 1995 
300 # # |a 289tr.  |c 27cm. 
653 # # |a Dân gian 
653 # # |a Âm nhạc 
653 # # |a Truyền thống 
653 # # |a Hát văn 
852 # # |b Kho mượn  |j KM.0020804, KM.0020879 
852 # # |j KD.0019822  |j KM.0020804  |j KM.0020879 
852 # # |b Kho đọc  |j KD.0019822 
910 |d 12/04/2017 
980 # # |a Trung tâm Học liệu Lê Vũ Hùng, Trường Đại học Đồng Tháp